000
00366nam a2200121Ia 4500
003
OSt
005
20260327120530.0
008
221117b |||||||| |||| 00| 0 Hin d
040
_a
BGL
_c
BGL
100
_a
अनुराग फ़ैसल
245
0
_a
क्षेत्रीय परत्राकरिता के गोलबल फलक
942
_c
GB
_2
ddc
999
_c
18668
_d
18668